000 00397nam a2200133Ia 4500
008 220217s9999||||xx |||||||||||||| ||und||
020 _a81-7722-230-9
082 _a005.13 HOL
100 _aHolzner, Steven
245 0 _aJava 2: AWT, swing, XML and Java beans programming block boo
260 _aDreamtech publications
_bNew Delhi
_c2002
300 _b1656
650 _aPROGRAMMING LANGUAGE
999 _c170173
_d170173